Central Library || Chittagong University

Atmospheric turbulence ./ (Record no. 111433)

MARC details
000 -LEADER
fixed length control field 00465nam a22001817a 4500
003 - CONTROL NUMBER IDENTIFIER
control field BD-ChCU
005 - DATE AND TIME OF LATEST TRANSACTION
control field 20260202133126.0
008 - FIXED-LENGTH DATA ELEMENTS--GENERAL INFORMATION
fixed length control field 260202b bg ||||| |||| 00| 0 ben d
040 ## - CATALOGING SOURCE
Transcribing agency BD-ChCU
082 ## - DEWEY DECIMAL CLASSIFICATION NUMBER
Classification number 551.5 SUA
100 ## - MAIN ENTRY--PERSONAL NAME
Personal name Sutton , O . G.
9 (RLIN) 20006
245 ## - TITLE STATEMENT
Title Atmospheric turbulence ./
Statement of responsibility, etc. O.G. Sutton .
250 ## - EDITION STATEMENT
Edition statement 2nd ed.
260 ## - PUBLICATION, DISTRIBUTION, ETC.
Place of publication, distribution, etc. London :
Name of publisher, distributor, etc. Methuen ,
Date of publication, distribution, etc. C 1960
300 ## - PHYSICAL DESCRIPTION
Extent viii , 111p
650 #0 - SUBJECT ADDED ENTRY--TOPICAL TERM
Topical term or geographic name entry element Atmosphere .
9 (RLIN) 20007
942 ## - ADDED ENTRY ELEMENTS (KOHA)
Source of classification or shelving scheme Dewey Decimal Classification
Koha item type Books
Suppress in OPAC No
Holdings
Withdrawn status Lost status Source of classification or shelving scheme Damaged status Not for loan Home library Current library Shelving location Date acquired Source of acquisition Total Checkouts Full call number Barcode Date last seen Copy number Price effective from Koha item type
    Dewey Decimal Classification     Chittagong University Library Chittagong University Library Science Reading Room 02/02/2026 Purchase   551.5 SUA 60480 02/02/2026 C-1 02/02/2026 Books
© Copyright 2025. Chittagong University Library, Installation and Maintenance by Prof. Dr. Md. Alamgir, 01711306253